The new Unger's Bible handbook /
محفوظ في:
| المؤلف الرئيسي: | |
|---|---|
| مؤلفون آخرون: | , |
| التنسيق: | كتاب |
| اللغة: | الإنجليزية |
| منشور في: |
Chicago :
Moody Press,
1966.
|
| الموضوعات: | |
| الوسوم: |
لا توجد وسوم, كن أول من يضع وسما على هذه التسجيلة!
|
MARC
| LEADER | 00000nam a22000007a 4500 | ||
|---|---|---|---|
| 003 | KE-NaDUL | ||
| 005 | 20230508151022.0 | ||
| 008 | 230508b |||||||| |||| 00| 0 eng d | ||
| 020 | |a 0802490492 | ||
| 040 | |a DUL |c DUL |d Dwaswala | ||
| 050 | 0 | 0 | |a BS417.U54 1966 |
| 100 | 1 | |a Unger, Merrill Frederick, |9 127684 | |
| 245 | 1 | 4 | |a The new Unger's Bible handbook / |c by Merrill F. Unger. |
| 260 | |a Chicago : |b Moody Press, |c 1966. | ||
| 300 | |a 720 p. : |b ill. (some col.) ; |c 24 cm. | ||
| 630 | 0 | 0 | |a Bible |v Handbooks, manuals, etc. |9 127685 |
| 700 | 1 | |a Larson, Gary N., |d 1954- |9 127686 | |
| 700 | 1 | |a Unger, Merrill Frederick, |d 1909- |t Bible handbook. |9 127687 | |
| 942 | |2 lcc |c REF |h BS417 |i .U54 |m 1966 |6 BS0417 U54 | ||
| 952 | |0 0 |1 0 |2 lcc |4 0 |6 BS0417 U54 01966 |7 1 |8 REF |9 136744 |a CUI |b CUI |c CUI |d 2023-05-08 |l 0 |o BS417.U54 1966 |p CUI05710 |r 2023-05-08 00:00:00 |w 2023-05-08 |x 05710 |y REF | ||
| 999 | |c 221113 |d 221112 | ||